Exchange risk management. Možnosti znižovania a eliminácie menového rizika v podmienkach slovenskej podnikateľskej praxe

Základné techniky riadenia menových rizík s využitím všeobecne dostupných finančných nástrojov. Riadenie menového rizika bez použitia finančných derivátov. Prirodzený hedging. Zaistenie výberom vhodnej meny. Zaistenie prostredníctvom peňažného trhu. Zaistenie na forwardovom trhu. Zaistenie na opčnom...

Ausführliche Beschreibung

Gespeichert in:
Bibliographische Detailangaben
1. Verfasser: Laznia, Marcel
Weitere Verfasser: Demjan, Valér
Format: Buchkapitel
Sprache:Slowakisch
Schlagworte:
Tags: Tag hinzufügen
Keine Tags, Fügen Sie das erste Tag hinzu!

MARC

LEADER 00000naa$a2200000$$$4500
001 0035927
005 20240502071449.5
041 0 |a slo 
044 |a SK 
245 1 0 |a Exchange risk management. Možnosti znižovania a eliminácie menového rizika v podmienkach slovenskej podnikateľskej praxe  |c Marcel Laznia, Valér Demjan 
520 |a Základné techniky riadenia menových rizík s využitím všeobecne dostupných finančných nástrojov. Riadenie menového rizika bez použitia finančných derivátov. Prirodzený hedging. Zaistenie výberom vhodnej meny. Zaistenie prostredníctvom peňažného trhu. Zaistenie na forwardovom trhu. Zaistenie na opčnom trhu. Ako fungujú tieto zaistenia v praxi. 
610 2 0 |a podnikanie 
610 2 0 |a financie 
610 2 0 |a mena 
610 2 0 |a politika menová 
610 2 0 |a riziko 
610 2 0 |a riziko kurzové 
610 2 0 |a deriváty 
610 2 0 |a trh peňažný 
610 2 0 |a opcie 
610 2 0 |a forwardy 
100 1 |a Laznia, Marcel 
700 1 |a Demjan, Valér